[Event "24th Abu Dhabi Masters"]
[Site "Abu Dhabi UAE"]
[Date "2017.08.17"]
[Round "4.9"]
[White "Rozum, Ivan"]
[Black "Mekhitarian, Krikor Sevag"]
[Result "1/2-1/2"]
[WhiteTitle "GM"]
[BlackTitle "GM"]
[WhiteElo "2579"]
[BlackElo "2534"]
[WhiteFideId "24104272"]
[BlackFideId "2107660"]
[EventDate "2017.08.14"]

1. d4 Nf6 2. c4 e6 3. Nc3 Bb4 4. e3 O-O 5. Ne2 d5 6. a3 Be7 7. cxd5 exd5 8. Nf4
c6 9. Bd3 Re8 10. O-O Nbd7 11. Bc2 Nf8 12. f3 Bd6 13. e4 dxe4 14. fxe4 Bg4 15.
Qd3 c5 16. e5 cxd4 17. exf6 dxc3 18. fxg7 Ng6 19. Nxg6 hxg6 20. Qc4 Be6 21. Qxc3
Rc8 22. Qd2 Rxc2 23. Qxc2 Qh4 24. g3 Qd4+ 25. Qf2 Bc5 26. Qxd4 Bxd4+ 27. Kg2
Bd5+ 28. Kh3 Re2 29. Rd1 Be6+ 30. g4 Re4 31. Kg3 Rxg4+ 32. Kf3 f5 33. Be3 Bd5+
34. Kf2 Rg2+ 35. Kf1 Bxe3 36. Rxd5 Rxh2 37. Rad1 f4 38. R1d3 Kxg7 39. Rd7+ Kf6
40. Rxb7 Kf5 41. Rxe3 fxe3 42. b4 g5 43. Rxa7 Rb2 44. Re7 Kf4 45. Rf7+ Ke4 46.
Re7+ Kd3 47. Rd7+ Ke4 48. Re7+ Kd3 49. Rd7+ Kc4 50. Re7 Rb3 51. Ke2 Rxa3 52.
Rxe3 Rxe3+ 1/2-1/2

[Event "24th Abu Dhabi Masters"]
[Site "Abu Dhabi UAE"]
[Date "2017.08.17"]
[Round "4.10"]
[White "Gagare, Shardul"]
[Black "Ter-Sahakyan, Samvel"]
[Result "1/2-1/2"]
[WhiteTitle "GM"]
[BlackTitle "GM"]
[WhiteElo "2467"]
[BlackElo "2577"]
[WhiteFideId "5037883"]
[BlackFideId "13302531"]
[EventDate "2017.08.14"]

1. d4 Nf6 2. c4 e6 3. Nf3 d5 4. Nc3 c6 5. e3 Nbd7 6. Qc2 Bd6 7. Bd3 O-O 8. O-O
dxc4 9. Bxc4 b5 10. Be2 Bb7 11. e4 e5 12. dxe5 Nxe5 13. Nd4 Neg4 14. g3 Bc5 15.
Nf5 Re8 16. Bf4 Qb6 17. Kg2 g6 18. h3 gxf5 19. hxg4 Nxe4 20. gxf5 Nf6 21. Bf3
Bd4 22. Bg5 c5 23. Bxb7 Qxb7+ 24. f3 b4 25. Bxf6 bxc3 26. Bxd4 cxd4 27. bxc3 Qc6
28. Rac1 Rac8 29. c4 Re3 30. Qd2 Qc5 31. Rcd1 d3 32. Rfe1 Rce8 33. Rxe3 Rxe3 34.
Re1 Rxe1 35. Qxe1 Qd4 36. Qd2 Qxc4 37. Qg5+ Kf8 38. Qd8+ Kg7 39. Qg5+ Kf8 40.
Qd8+ Kg7 1/2-1/2

[Event "24th Abu Dhabi Masters"]
[Site "Abu Dhabi UAE"]
[Date "2017.08.17"]
[Round "4.11"]
[White "Deac, Bogdan-Daniel"]
[Black "Harika, Dronavalli"]
[Result "1-0"]
[WhiteTitle "GM"]
[BlackTitle "GM"]
[WhiteElo "2573"]
[BlackElo "2526"]
[WhiteFideId "1226380"]
[BlackFideId "5015197"]
[EventDate "2017.08.14"]

1. e4 e6 2. d4 d5 3. Bd3 dxe4 4. Bxe4 Nf6 5. Bf3 c5 6. Ne2 Be7 7. Be3 O-O 8.
dxc5 Qc7 9. Nd2 Bxc5 10. Bxc5 Qxc5 11. Nc3 Rd8 12. Qe2 Nc6 13. Nb3 Qb6 14. Rd1
Rxd1+ 15. Kxd1 a5 16. Kc1 a4 17. Nd2 a3 18. b3 Bd7 19. Nc4 Qc7 20. Qe3 Nb4 21.
Qb6 Qxb6 22. Nxb6 Rb8 23. Nxd7 Nxd7 24. Rd1 Ne5 25. Be2 Kf8 26. Kb1 Rc8 27. Rd4
Nec6 28. Rd2 Na7 29. Nd1 b5 30. c3 Nd5 31. c4 Nf4 32. Bf1 bxc4 33. bxc4 Nc6 34.
Nc3 Ng6 35. Nb5 Na5 36. Nxa3 Ne5 37. Rc2 g5 38. Kb2 Rd8 39. Be2 Nb7 40. Kc3 Nc5
41. Kb4 Na6+ 42. Kc3 Nc5 43. Kb4 Na6+ 44. Kb5 Ra8 45. Rc3 Ke7 46. Bf3 Nc7+ 47.
Kb4 Ra7 48. h3 Na6+ 49. Ka5 Nc7+ 50. Kb6 Rxa3 51. Rxa3 Nxc4+ 52. Kxc7 Nxa3 53.
Be2 Nc2 54. a4 Nd4 55. Bc4 Nc2 56. Kc6 Kd8 57. a5 Kc8 58. a6 Kb8 59. Kb6 Nb4 60.
Kc5 Nc2 61. Kb6 Nb4 62. g3 h5 63. h4 gxh4 64. gxh4 Ka8 65. Kc5 Nc2 66. Bb3 Ne1
67. Kb6 Nf3 68. Ba4 Ne5 69. Bb5 1-0

[Event "24th Abu Dhabi Masters"]
[Site "Abu Dhabi UAE"]
[Date "2017.08.17"]
[Round "4.12"]
[White "Mamedov, Rauf"]
[Black "Iniyan, P"]
[Result "1/2-1/2"]
[WhiteTitle "GM"]
[BlackTitle "IM"]
[WhiteElo "2680"]
[BlackElo "2404"]
[WhiteFideId "13401653"]
[BlackFideId "25002767"]
[EventDate "2017.08.14"]

1. e4 c5 2. Nf3 d6 3. d4 cxd4 4. Nxd4 Nf6 5. Nc3 a6 6. Nb3 e6 7. g4 b5 8. Bg2
Bb7 9. g5 b4 10. Nd5 exd5 11. gxf6 dxe4 12. Qg4 Qxf6 13. Na5 Bd5 14. Qc8+ Qd8
15. Qxd8+ Kxd8 16. Be3 f5 17. O-O-O Bc6 18. Rd4 Kc7 19. Rhd1 Bb5 20. f3 Nc6 21.
Nxc6 Bxc6 22. fxe4 Re8 23. Rxb4 fxe4 24. Bb6+ Kb7 25. Be3+ Kc7 26. Bb6+ Kb7 27.
Be3+ 1/2-1/2

[Event "24th Abu Dhabi Masters"]
[Site "Abu Dhabi UAE"]
[Date "2017.08.17"]
[Round "4.13"]
[White "Bellia, Fabrizio"]
[Black "Short, Nigel D"]
[Result "0-1"]
[WhiteTitle "IM"]
[BlackTitle "GM"]
[WhiteElo "2444"]
[BlackElo "2688"]
[WhiteFideId "800511"]
[BlackFideId "400025"]
[EventDate "2017.08.14"]

1. d4 Nf6 2. Nf3 b6 3. c4 Bb7 4. g3 g6 5. Bg2 Bg7 6. O-O O-O 7. Nc3 Ne4 8. Nxe4
Bxe4 9. Be3 c5 10. Qd2 d6 11. Bh6 Nd7 12. Bxg7 Kxg7 13. Rac1 Nf6 14. Rfd1 Qc7
15. Nh4 Bxg2 16. Nxg2 Qb7 17. Nf4 cxd4 18. Nd5 Nxd5 19. cxd5 Qxd5 20. Qxd4+ Qxd4
21. Rxd4 Rfc8 22. Rdc4 Rxc4 23. Rxc4 b5 24. Rc7 Kf6 25. Kf1 Ke6 26. e4 b4 27.
Ke2 a5 28. Kd3 Rf8 29. Ra7 f5 30. e5 dxe5 31. Ra6+ Kf7 32. Rxa5 Rd8+ 33. Ke2 Kf6
34. h4 h5 35. Ra4 Rd4 36. a3 bxa3 37. Rxd4 exd4 38. bxa3 e5 39. Kd3 Ke6 40. f4
e4+ 41. Kxd4 Kd6 42. Kc4 Kc6 43. a4 Kb7 44. Kb3 Ka7 45. Kc3 Ka6 46. Kb4 Kb6 47.
Kc4 Kc6 48. Kd4 Kb6 49. Kc4 Ka5 50. Kb3 e3 51. Kc3 Kxa4 52. Kd3 Kb3 53. Kxe3 Kc3
54. Ke2 Kc2 55. Ke3 Kd1 56. Kd4 Ke2 57. Ke5 Kf3 58. Kf6 Kxg3 59. Kg5 Kf3 60.
Kxg6 Kg4 0-1

[Event "24th Abu Dhabi Masters"]
[Site "Abu Dhabi UAE"]
[Date "2017.08.17"]
[Round "4.14"]
[White "Korobov, Anton"]
[Black "Raja, Harshit"]
[Result "1-0"]
[WhiteTitle "GM"]
[WhiteElo "2668"]
[BlackElo "2434"]
[WhiteFideId "14105730"]
[BlackFideId "5089000"]
[EventDate "2017.08.14"]

1. d4 Nf6 2. c4 e6 3. Nf3 d5 4. Nc3 c6 5. Bg5 dxc4 6. e4 b5 7. e5 h6 8. Bh4 g5
9. exf6 gxh4 10. Ne5 Qxf6 11. a4 a6 12. Be2 Bb7 13. Bh5 Rh7 14. Bf3 Bd6 15. O-O
Qe7 16. Re1 Kf8 17. Ne4 Bb4 18. Re3 Rg7 19. Nc5 Bxc5 20. dxc5 f6 21. Ng4 h5 22.
Nh6 Rg5 23. Qe2 Bc8 24. Bxh5 Qh7 25. f4 Rd5 26. Rxe6 Bxe6 27. Qxe6 Kg7 28. Bf3
Qxh6 29. Qe7+ Kh8 30. Bxd5 cxd5 31. Qb7 Qxf4 32. Re1 1-0

[Event "24th Abu Dhabi Masters"]
[Site "Abu Dhabi UAE"]
[Date "2017.08.17"]
[Round "4.15"]
[White "Lupulescu, Constantin"]
[Black "Raghunandan, Kaumandur Srihari"]
[Result "1-0"]
[WhiteTitle "GM"]
[BlackTitle "IM"]
[WhiteElo "2637"]
[BlackElo "2398"]
[WhiteFideId "1207822"]
[BlackFideId "25004964"]
[EventDate "2017.08.14"]

1. e4 c5 2. Nf3 d6 3. Bb5+ Nd7 4. c3 Nf6 5. Qe2 a6 6. Ba4 b5 7. Bc2 Bb7 8. d4 e5
9. O-O Be7 10. dxe5 dxe5 11. c4 b4 12. Nbd2 O-O 13. Re1 Qc7 14. Nf1 Rfe8 15. Bg5
Nh5 16. Bxe7 Nf4 17. Qd2 Rxe7 18. Ne3 Nb6 19. b3 Rd8 20. Nd5 Bxd5 21. exd5 a5
22. g3 Ng6 23. Ng5 Nf8 24. a3 f6 25. Nf3 Nc8 26. axb4 axb4 27. Ra6 Nd6 28. Nh4
g6 29. Rea1 Qb7 30. Qe3 Rc7 31. Ng2 Qc8 32. h4 Qd7 33. R1a5 Rdc8 34. h5 Qe7 35.
hxg6 Nxg6 36. Qh6 e4 37. Nf4 Ne5 38. Bd1 e3 39. Ne6 exf2+ 40. Kxf2 Ne4+ 41. Kg2
Rd7 42. Ra8 Qe8 43. Rxc8 Qxc8 44. Bc2 Nc6 45. Ra1 Nc3 46. Qxf6 Rf7 47. Qg5+ Kh8
48. Bg6 Rd7 49. Qf6+ Kg8 50. Rf1 1-0

[Event "24th Abu Dhabi Masters"]
[Site "Abu Dhabi UAE"]
[Date "2017.08.17"]
[Round "4.16"]
[White "Salem, A.R. Saleh"]
[Black "Tania, Sachdev"]
[Result "1-0"]
[WhiteTitle "GM"]
[BlackTitle "IM"]
[WhiteElo "2624"]
[BlackElo "2392"]
[WhiteFideId "9301348"]
[BlackFideId "5007844"]
[EventDate "2017.08.14"]

1. d4 Nf6 2. c4 e6 3. Nf3 b6 4. a3 Bb7 5. Nc3 d5 6. cxd5 Nxd5 7. e3 Be7 8. Bb5+
c6 9. Bd3 c5 10. Nxd5 Bxd5 11. e4 Bc6 12. Bf4 O-O 13. Rc1 Bb7 14. O-O Nc6 15. d5
exd5 16. exd5 Nd4 17. Nxd4 cxd4 18. Qg4 Bf6 19. d6 Bc8 20. Qf3 Be6 21. Rc7 Bg5
22. Be5 Rc8 23. Qe4 g6 24. f4 Bf5 25. Qf3 Ra8 1-0

[Event "24th Abu Dhabi Masters"]
[Site "Abu Dhabi UAE"]
[Date "2017.08.17"]
[Round "4.18"]
[White "Eggleston, David J"]
[Black "Maghsoodloo, Parham"]
[Result "0-1"]
[WhiteTitle "IM"]
[BlackTitle "GM"]
[WhiteElo "2380"]
[BlackElo "2590"]
[WhiteFideId "412120"]
[BlackFideId "12539929"]
[EventDate "2017.08.14"]

1. e4 g6 2. d4 Bg7 3. Nc3 d6 4. Be3 a6 5. Qd2 b5 6. Bd3 Nd7 7. a4 b4 8. Nce2 c5
9. c3 Rb8 10. Nf3 Qc7 11. cxb4 Rxb4 12. O-O Qb8 13. Rfc1 Ngf6 14. dxc5 Nxc5 15.
Bxc5 dxc5 16. Rxc5 O-O 17. Rb5 Rxb5 18. axb5 axb5 19. Qb4 Bb7 20. Ng3 Rd8 21.
Qxb5 Ne8 22. Rb1 e6 23. b4 Nc7 24. Qc4 Rc8 25. Qa2 Na8 26. b5 Nb6 27. Qa5 Qc7
28. Qb4 Bf8 29. Qe1 Bc5 30. Bf1 h5 31. Qd2 Be7 32. h4 Bd6 33. Re1 Bf4 34. Qd4
Rd8 35. Qb4 Bd6 36. Qb2 Na4 37. Qf6 Be7 38. Qa1 Nc5 39. Qc1 Ra8 40. Ng5 Ra4 41.
Qe3 Nd7 42. Qb3 Ra3 43. Qc4 Bc5 44. Kh1 Ne5 45. Nxe6 fxe6 46. Qxe6+ Kg7 47. Rd1
Bc8 48. Qd5 Qe7 49. Rc1 Qxh4+ 50. Kg1 Bxf2+ 51. Kxf2 Qxg3+ 52. Ke2 Bg4+ 53. Kd2
Qf2+ 0-1

[Event "24th Abu Dhabi Masters"]
[Site "Abu Dhabi UAE"]
[Date "2017.08.17"]
[Round "4.19"]
[White "Fier, Alexandr"]
[Black "Rajdeep, Sarkar"]
[Result "1-0"]
[WhiteTitle "GM"]
[BlackTitle "FM"]
[WhiteElo "2579"]
[BlackElo "2360"]
[WhiteFideId "2107139"]
[BlackFideId "25007963"]
[EventDate "2017.08.14"]

1. d4 e6 2. c4 Nf6 3. Nc3 Bb4 4. e3 d5 5. a3 Bxc3+ 6. bxc3 O-O 7. cxd5 exd5 8.
Bd3 c5 9. Ne2 b6 10. O-O Ba6 11. f3 Bxd3 12. Qxd3 Qc8 13. Ng3 Qa6 14. Qf5 Nc6
15. e4 Qd3 16. Bg5 Ne7 17. Qh3 Qxc3 18. Rad1 dxe4 19. fxe4 Rfd8 20. e5 Nfd5 21.
Qh5 Rf8 22. Ne4 Qc2 23. Rde1 cxd4 24. Rf2 Qc7 25. Bf6 Ng6 26. Ref1 h6 27. Bxg7
Kxg7 28. Nd6 f5 29. exf6+ Rxf6 30. Qxd5 Rxf2 31. Rxf2 Rf8 32. Rf7+ Rxf7 33. Ne8+
Kh7 34. Nxc7 Rxc7 35. Qxd4 Rf7 36. g3 Nf8 37. Kg2 Kg8 38. h4 Ne6 39. Qd5 Ng7 40.
g4 Ne8 41. Qe6 Nf6 42. Kh3 Kg7 43. Qe5 Kg8 44. Qd4 Nh7 45. Qe4 Kg7 46. Qe5+ Kg8
47. Kg3 Nf6 48. g5 hxg5 49. hxg5 Nh5+ 50. Kg4 Nf4 51. Qd6 Kg7 52. Qh6+ Kg8 53.
a4 Nd5 54. Qg6+ Kf8 55. Qd6+ Ne7 56. g6 Rf1 57. Qd8+ Kg7 58. Qxe7+ Kxg6 59. Qxa7
Rf6 60. Qe7 Rf7 61. Qe4+ Kg7 62. Qd4+ 1-0

[Event "24th Abu Dhabi Masters"]
[Site "Abu Dhabi UAE"]
[Date "2017.08.17"]
[Round "4.21"]
[White "Gu, Xiaobing"]
[Black "Puranik, Abhimanyu"]
[Result "0-1"]
[WhiteTitle "WGM"]
[BlackTitle "IM"]
[WhiteElo "2347"]
[BlackElo "2495"]
[WhiteFideId "8602611"]
[BlackFideId "5061245"]
[EventDate "2017.08.14"]

1. e4 e5 2. Nf3 Nc6 3. Nc3 Nf6 4. d4 Bb4 5. Nxe5 Nxe4 6. Qg4 Nxc3 7. Qxg7 Rf8 8.
a3 Nxd4 9. axb4 Nxc2+ 10. Kd2 Nxa1 11. Kxc3 a5 12. Bg5 axb4+ 13. Kd3 f6 14. Be2
Qe7 15. Bh5+ Kd8 16. Nf7+ Rxf7 17. Bxf7 Qd6+ 18. Ke2 fxg5 19. Qg8+ Ke7 20. Rd1
Qf4 21. Rd3 d5 22. Re3+ Kd6 23. Qd8+ Kc5 24. Qxd5+ Kb6 25. Re5 Ka7 26. f3 g4 27.
Bh5 Qxh2 28. fxg4 Qg3 29. Qe4 Nb3 30. g5 Bd7 31. Bf3 Qxe5 32. Qxe5 Re8 0-1

[Event "24th Abu Dhabi Masters"]
[Site "Abu Dhabi UAE"]
[Date "2017.08.17"]
[Round "4.22"]
[White "Nihal, Sarin"]
[Black "Stegariu, Vlad-Ionut"]
[Result "1/2-1/2"]
[WhiteTitle "FM"]
[WhiteElo "2485"]
[BlackElo "2244"]
[WhiteFideId "25092340"]
[BlackFideId "1217860"]
[EventDate "2017.08.14"]

1. d4 Nf6 2. c4 e6 3. Nc3 d5 4. Nf3 c5 5. cxd5 Nxd5 6. e4 Nxc3 7. bxc3 cxd4 8.
cxd4 Bb4+ 9. Bd2 Bxd2+ 10. Qxd2 O-O 11. Bc4 b6 12. O-O Bb7 13. Rfe1 Nd7 14. a4
Qe7 15. a5 Rac8 16. Bd3 e5 17. axb6 axb6 18. Ra7 Rb8 19. d5 Nc5 20. Bb5 Ra8 21.
Rxa8 Rxa8 22. Qb2 f6 23. h3 Ba6 24. Nd2 Rb8 25. Rb1 Bxb5 26. Qxb5 Qd7 27. Qb4
Qa4 28. Qc3 Nxe4 29. Qc7 Ra8 30. Nxe4 Qxe4 31. Rd1 Qe2 32. Rc1 Qd2 33. d6 Ra2
34. Rf1 Ra8 35. d7 Rf8 36. Qc4+ Kh8 37. Qc8 Kg8 38. Ra1 Kf7 39. Ra7 Rd8 40. Qxd8
Qc1+ 41. Kh2 1/2-1/2

[Event "24th Abu Dhabi Masters"]
[Site "Abu Dhabi UAE"]
[Date "2017.08.17"]
[Round "4.23"]
[White "Hari, Madhavan N B"]
[Black "Abdusattorov, Nodirbek"]
[Result "0-1"]
[BlackTitle "IM"]
[WhiteElo "2246"]
[BlackElo "2470"]
[WhiteFideId "25054309"]
[BlackFideId "14204118"]
[EventDate "2017.08.14"]

1. d4 Nf6 2. Nf3 e6 3. c4 d5 4. g3 Bb4+ 5. Bd2 Bd6 6. Bg2 c6 7. Qc2 Nbd7 8. O-O
O-O 9. Bf4 Bxf4 10. gxf4 b6 11. cxd5 Nxd5 12. e3 Bb7 13. Nc3 Qe7 14. Ne5 Rac8
15. Nxd5 exd5 16. Bh3 Nxe5 17. fxe5 Rc7 18. f4 c5 19. Rac1 Rc6 20. Qf2 Rg6+ 21.
Bg2 f6 22. f5 Rg5 23. h4 Rh5 24. e6 g6 25. Qg3 Rh6 26. Qf4 Kg7 27. b4 Rh5 28.
dxc5 Rxf5 29. Qd6 Rxf1+ 30. Bxf1 Re8 31. Bb5 Qxe6 32. Qxe6 Rxe6 33. Bd7 Re4 34.
c6 Ba6 35. c7 Rxb4 36. c8=Q Bxc8 37. Rxc8 Kh6 38. Rc7 a5 39. Be6 Rxh4 40. Bxd5
Rb4 41. Bg8 Rb2 42. Rxh7+ Kg5 43. Rh2 Rb1+ 44. Kf2 f5 45. Kf3 Kf6 46. Rd2 Ke7
47. Rg2 Kf6 48. Rc2 b5 49. Rc6+ Kg7 50. Bd5 a4 51. Rb6 Rb4 52. Bc6 Rb2 53. Bd5 0-1

[Event "24th Abu Dhabi Masters"]
[Site "Abu Dhabi UAE"]
[Date "2017.08.17"]
[Round "4.24"]
[White "Vignesh, N R"]
[Black "Vantika, Agrawal"]
[Result "1-0"]
[WhiteTitle "IM"]
[WhiteElo "2448"]
[BlackElo "2238"]
[WhiteFideId "25012215"]
[BlackFideId "25050389"]
[EventDate "2017.08.14"]

1. e4 c5 2. Nf3 Nc6 3. Bb5 g6 4. Bxc6 bxc6 5. O-O Bg7 6. e5 Nh6 7. d4 cxd4 8.
Nxd4 O-O 9. Bg5 f6 10. exf6 exf6 11. Bf4 Ba6 12. Re1 f5 13. Nc3 Nf7 14. Nb3 d6
15. Nd4 Qd7 16. Ne6 Rfe8 17. Nxg7 Rxe1+ 18. Qxe1 Kxg7 19. Rd1 Re8 20. Qd2 Qe6
21. Be3 Bb7 22. Qd4+ Kg8 23. h3 c5 24. Qd2 Bc6 25. a3 a5 26. a4 Qc4 27. b3 Qe6
28. Qd3 g5 29. Nb5 Re7 30. Nxd6 f4 31. Bxc5 f3 32. Nxf7 Rxf7 33. Qd8+ Be8 34.
Be3 h6 35. Rd6 Qe5 36. Rxh6 Rg7 37. Qd4 Qxd4 38. Bxd4 Rd7 39. c3 fxg2 40. Kxg2
Rb7 41. Rh8+ Kf7 42. Rh7+ Kg6 43. Rxb7 Bc6+ 44. Kg3 Bxb7 45. b4 Bc6 46. b5 Bd5
47. b6 Kf5 48. c4 Bc6 49. Bc3 Ke4 50. Bxa5 Kd4 51. Bd2 Kxc4 52. a5 Kd5 1-0

[Event "24th Abu Dhabi Masters"]
[Site "Abu Dhabi UAE"]
[Date "2017.08.17"]
[Round "4.25"]
[White "Hovhannisyan, Robert"]
[Black "Srija, Seshadri"]
[Result "1-0"]
[WhiteTitle "GM"]
[BlackTitle "WFM"]
[WhiteElo "2606"]
[BlackElo "2167"]
[WhiteFideId "13302507"]
[BlackFideId "5055903"]
[EventDate "2017.08.14"]

1. e4 e5 2. Nf3 Nc6 3. Bb5 a6 4. Ba4 Nf6 5. Nc3 b5 6. Bb3 Be7 7. d3 d6 8. a3 Na5
9. Ba2 c5 10. b4 Nc6 11. Nd5 Be6 12. Nxf6+ Bxf6 13. Bxe6 fxe6 14. bxc5 dxc5 15.
Be3 Nd4 16. Nd2 Qa5 17. a4 Qc3 18. Bxd4 exd4 19. O-O O-O 20. e5 Bxe5 21. Ne4 Qa5
22. axb5 Qxb5 23. Qg4 Rf5 24. f4 Bc7 25. Ng5 Qd7 26. Rae1 e5 27. Rf3 exf4 28.
Re7 Qxe7 29. Qxf5 g6 30. Qd5+ Kg7 31. Ne6+ Kf6 32. Nxc7 Rb8 33. Rxf4+ Kg7 34.
Ne6+ Kh6 35. Qd6 1-0

[Event "24th Abu Dhabi Masters"]
[Site "Abu Dhabi UAE"]
[Date "2017.08.17"]
[Round "4.26"]
[White "Sardana, Rishi"]
[Black "Gupta, Abhijeet"]
[Result "1-0"]
[WhiteTitle "IM"]
[BlackTitle "GM"]
[WhiteElo "2386"]
[BlackElo "2639"]
[WhiteFideId "25004301"]
[BlackFideId "5010608"]
[EventDate "2017.08.14"]

1. e4 c5 2. c3 Nf6 3. e5 Nd5 4. Nf3 Nc6 5. Bc4 Nb6 6. Bb3 d5 7. exd6 e6 8. d4
cxd4 9. cxd4 Bxd6 10. Nc3 O-O 11. O-O Ne7 12. Re1 Bd7 13. Ne5 Bc6 14. Qg4 Qc7
15. Bg5 Ng6 16. Nxg6 hxg6 17. h4 Rfe8 18. Rac1 a6 19. Re3 Bd5 20. Rce1 Bxb3 21.
axb3 Qd7 22. h5 f6 23. hxg6 fxg5 24. Qxg5 Be7 25. Qh5 Bf6 26. Ne4 Rac8 27. Rf3
Rc7 28. Qh7+ Kf8 29. Nxf6 gxf6 1-0

[Event "24th Abu Dhabi Masters"]
[Site "Abu Dhabi UAE"]
[Date "2017.08.17"]
[Round "4.27"]
[White "Arjun, Kalyan"]
[Black "Parligras, Mircea-Emilian"]
[Result "1/2-1/2"]
[BlackTitle "GM"]
[WhiteElo "2366"]
[BlackElo "2616"]
[WhiteFideId "35018701"]
[BlackFideId "1204297"]
[EventDate "2017.08.14"]

1. e4 e5 2. Nf3 Nc6 3. Bb5 a6 4. Ba4 d6 5. c3 Bd7 6. d4 g6 7. Bg5 f6 8. Be3 Bg7
9. O-O Nh6 10. dxe5 fxe5 11. h3 O-O 12. c4 Nd4 13. Nbd2 Nf7 14. Bxd7 Qxd7 15.
Ne1 Ne6 16. Nd3 c6 17. Nf3 Rae8 18. Re1 Qe7 19. Qd2 g5 20. Nh2 Nh8 21. g3 Ng6
22. Qd1 Nd4 23. Rc1 h6 24. Qg4 Kh7 25. Kh1 Rf7 26. Rg1 Nf8 27. h4 gxh4 28. gxh4
Rf6 29. Rg3 Qf7 30. Rcg1 Re7 31. b3 Rg6 32. Qd1 Rxg3 33. fxg3 Qg6 34. Qg4 Qxg4
35. Nxg4 Rf7 36. Kg2 h5 37. Nh2 Nfe6 38. Rf1 Rxf1 39. Nxf1 Bh6 40. Bxh6 Kxh6 41.
Kf2 a5 42. Ne3 Kg6 43. c5 Nxc5 44. Nxc5 dxc5 45. Nc4 Kf6 46. Nxa5 b6 47. Nc4 b5
48. Nd2 b4 49. Ke3 1/2-1/2

[Event "24th Abu Dhabi Masters"]
[Site "Abu Dhabi UAE"]
[Date "2017.08.17"]
[Round "4.28"]
[White "Golubov, Saveliy"]
[Black "Saravana, Krishnan P."]
[Result "0-1"]
[WhiteTitle "IM"]
[WhiteElo "2512"]
[BlackElo "2378"]
[WhiteFideId "24176729"]
[BlackFideId "5018382"]
[EventDate "2017.08.14"]

1. e4 e6 2. d4 d5 3. Bd3 c5 4. exd5 exd5 5. Nf3 c4 6. Be2 Nf6 7. b3 cxb3 8. axb3
Nc6 9. O-O Be7 10. c4 O-O 11. Nc3 Bb4 12. Nb5 a6 13. Bb2 Bg4 14. Na3 Ne4 15. Nb1
Re8 16. Ne5 Bxe2 17. Qxe2 f6 18. Nxc6 bxc6 19. Qd3 Qb6 20. f3 Ng5 21. Nc3 Bxc3
22. Qxc3 Rab8 23. Ra3 Re2 24. Rf2 Re7 25. h4 Ne6 26. g4 Rbe8 27. Kg2 g5 28. hxg5
fxg5 29. Qd2 Qb7 30. Bc3 Rg7 31. Re2 h5 32. Re5 h4 33. Qe2 Qe7 34. Rxa6 0-1

[Event "24th Abu Dhabi Masters"]
[Site "Abu Dhabi UAE"]
[Date "2017.08.17"]
[Round "4.29"]
[White "Sadhwani, Raunak"]
[Black "Aryan, Chopra"]
[Result "0-1"]
[WhiteTitle "FM"]
[BlackTitle "GM"]
[WhiteElo "2359"]
[BlackElo "2507"]
[WhiteFideId "35093487"]
[BlackFideId "5084423"]
[EventDate "2017.08.14"]

1. e4 e5 2. Nf3 Nc6 3. Bb5 a6 4. Ba4 g6 5. c3 d6 6. d4 Bd7 7. O-O Bg7 8. Re1 Nf6
9. Nbd2 b5 10. Bc2 O-O 11. Nf1 exd4 12. cxd4 Bg4 13. Be3 Nd7 14. Ng3 Qf6 15. Ne2
Bxf3 16. gxf3 Qxf3 17. Qd2 Qh3 18. Ng3 h5 19. f4 h4 20. Nh1 Qg4+ 21. Kf1 Qh3+
22. Kg1 Qf3 23. Qd1 Qxd1 24. Rexd1 Nb4 25. Bb3 c5 26. a3 c4 27. axb4 cxb3 28.
Rd3 Rfc8 29. Rxb3 Rc4 30. Rd1 Nf6 31. Nf2 Re8 32. e5 Nd5 33. Ne4 dxe5 34. Nd6
exf4 35. Bf2 Re2 36. Nxc4 bxc4 37. Ra3 Rxb2 38. Rxa6 c3 39. Rc6 c2 40. Rc1 Nxb4
41. Rc8+ Kh7 42. d5 Rb3 43. d6 Rd3 44. Be1 Rxd6 45. Rc4 Nd3 0-1

[Event "24th Abu Dhabi Masters"]
[Site "Abu Dhabi UAE"]
[Date "2017.08.17"]
[Round "4.31"]
[White "Muthaiah, AL"]
[Black "Saduakassova, Dinara"]
[Result "1/2-1/2"]
[BlackTitle "IM"]
[WhiteElo "2292"]
[BlackElo "2444"]
[WhiteFideId "5092442"]
[BlackFideId "13700090"]
[EventDate "2017.08.14"]

1. c4 e5 2. Nc3 Bb4 3. Nd5 Bc5 4. e3 Nf6 5. Nf3 e4 6. Ng5 Nxd5 7. Nxe4 Nxe3 8.
dxe3 Bb4+ 9. Bd2 a5 10. Be2 Nc6 11. O-O O-O 12. Nc3 d6 13. Nd5 Be6 14. Rc1 Re8
15. a3 Bxd2 16. Qxd2 Bf5 17. Rfd1 Ne5 18. Qd4 Nd7 19. b4 axb4 20. axb4 Ra2 21.
Rd2 Rxd2 22. Qxd2 c6 23. Nf4 Nf6 24. Rd1 Re7 25. Bf3 h6 26. h3 Be4 27. Bxe4 Rxe4
28. Qd3 Qe7 29. b5 Qe5 30. bxc6 bxc6 31. Ne2 Qc5 32. Nd4 h5 33. Ra1 d5 34. cxd5
Qxd5 35. Ra8+ Re8 36. Rxe8+ Nxe8 37. Qf5 Qxf5 38. Nxf5 Kf8 39. Kf1 c5 40. e4 g6
41. Ne3 Ke7 42. Ke2 Ke6 43. f4 Nd6 44. Kf3 f6 45. g4 hxg4+ 46. hxg4 g5 47. Nd5
gxf4 48. Kxf4 Nf7 49. Nc7+ Kd6 50. Nd5 Ke6 51. Nc7+ Kd6 52. Nd5 c4 53. Nxf6 c3
54. Ke3 Ne5 55. Nd5 c2 56. Kd2 Nxg4 57. Kxc2 Ke5 58. Nc3 Nf2 59. Kd2 Nxe4+ 60.
Nxe4 Kxe4 1/2-1/2

[Event "24th Abu Dhabi Masters"]
[Site "Abu Dhabi UAE"]
[Date "2017.08.17"]
[Round "4.32"]
[White "Neelotpal, Das"]
[Black "Muradli, Mahammad"]
[Result "1-0"]
[WhiteTitle "GM"]
[BlackTitle "FM"]
[WhiteElo "2441"]
[BlackElo "2357"]
[WhiteFideId "5003512"]
[BlackFideId "13409301"]
[EventDate "2017.08.14"]

1. d4 Nf6 2. Nf3 g6 3. g3 Bg7 4. Bg2 O-O 5. O-O d6 6. b3 c5 7. c4 Nc6 8. Bb2 Bg4
9. d5 Na5 10. Nbd2 b5 11. Bc3 bxc4 12. bxc4 Bxf3 13. Bxf3 Nd7 14. Bxg7 Kxg7 15.
Qc1 Rb8 16. e4 Kg8 17. Qc3 Qb6 18. Rfb1 Qc7 19. Bg4 Nf6 20. Bh3 Nh5 21. Kg2 Ng7
22. f4 f6 23. Bg4 g5 24. fxg5 fxg5 25. Rf1 e5 26. Bf5 h5 27. Rf2 Nb7 28. Raf1
Qe7 29. Qe3 Na5 30. Qa3 Nb7 31. Qe3 Kh8 32. h4 Nd8 33. hxg5 Nf7 34. Bg6 1-0